000 00358nam a22001337a 4500
008 250422b |||||||| |||| 00| 0 eng d
020 _a0465086777
050 _aHD8072
_b.K63
100 _aKOCHAN, Thomas A.
245 _aThe Transformation of American Industrial Relation
260 _aNew York
_bBasic Books Inc.
_c1986
300 _axvi, 287p.
942 _cBK
999 _c3087
_d3087